All Governors of Connecticut - Statistics

General Stats
  • This quiz has been taken 9 times
  • The average score is 17 of 74
Answer Stats
Years Served Party Answer % Correct
2011 - 2019 Democrat Dannel Malloy
100%
2019 - Present Democrat Ned Lamont
100%
1975 - 1980 Democrat Ella Grasso
83%
2004 - 2011 Republican Jodi Rell
67%
1955 - 1961 Democrat Abraham Ribicoff
50%
1812 - 1817 Federalist John Cotton Smith
50%
1995 - 2004 Republican John G. Rowland
50%
1925 - 1931 Republican John H. Trumbull
50%
1769 - 1784 None Jonathan Trumbull
50%
1797 - 1809 Federalist Jonathan Trumbull Jr.
50%
1849 - 1850 Whig Joseph Trumbull
50%
1991 - 1995 A Connecticut Party Lowell Weicker
50%
1796 - 1797 Federalist Oliver Wolcott
50%
1817 - 1827 Democrat Oliver Wolcott Jr.
50%
1971 - 1975 Republican Thomas Meskill
50%
1980 - 1991 Demorcat William A. O'Neill
50%
1961 - 1971 Democrat John N. Dempsey
33%
1784 - 1786 None Matthew Griswold
33%
1889 - 1893 Republican Morgan Bulkeley
33%
1811 - 1812 Federalist Roger Griswold
33%
1786 - 1796 Federalist Samuel Huntington
33%
1850 - 1853 Democrat Thomas H. Seymour
33%
1931 - 1939 Democrat Wilbur Lucius Cross
33%
1858 - 1866 Republican William Alfred Buckingham
33%
1903 - 1905 Republican Abiram Chamberlain
17%
1923 - 1925 Republican Charles A. Templeton
17%
1879 - 1881 Republican Charles B. Andrews
17%
1873 - 1877 Democrat Charles Roberts Ingersoll
17%
1847 - 1849 Whig Clark Bissell
17%
1909 - 1911 Republican Frank B. Weeks
17%
1899 - 1901 Republican George E. Lounsbury
17%
1827 - 1831 Democratic Republican, National Republican Gideon Tomlinson
17%
1885 - 1887 Republican Henry Baldwin Harrison
17%
1854 - 1855 Whig Henry Dutton
17%
1905 - 1907 Republican Henry Roberts
17%
1867 - 1869 Democrat James E. English
17%
1870 - 1871 Democrat James E. English
17%
1947 - 1948 Republican James L. McConaughy
17%
1831 - 1833 National Republican John Samuel Peters
17%
1809 - 1811 Federalist John Treadwell
17%
1893 - 1895 Democrat Luzon B. Morris
17%
1915 - 1921 Republican Marcus H. Holcomb
17%
1895 - 1897 Republican Owen Vincent Coffin
17%
1887 - 1889 Republican Phineas C. Lounsbury
17%
1939 - 1941 Republican Raymond E. Baldwin
17%
1943 - 1946 Republican Raymond E. Baldwin
17%
1844 - 1846 Whig Roger Sherman Baldwin
17%
1907 - 1909 Republican Rollin S. Woodruff
17%
1834 - 1835 Whig Samuel A. Foot
17%
1911 - 1915 Democrat Simeon E. Baldwin
17%
1883 - 1885 Democrat Thomas M. Waller
17%
1855 - 1857 American William T. Minor
17%
1838 - 1842 Whig William W. Ellsworth
17%
1857 - 1858 Republican Alexander H. Holley
0%
1853 - 1854 Democrat Charles H. Pond
0%
1946 - 1947 Democrat Charles Wilbert Snow
0%
1842 - 1844 Democrat Chauncey Fitch Cleveland
0%
1950 - 1951 Democrat Chester B. Bowles
0%
1921 - 1923 Republican Everett J. Lake
0%
1909 Republican George L. Lilley
0%
1901 - 1903 Republican George P. McLean
0%
1833 - 1834 Democrat Henry W. Edwards
0%
1835 - 1838 Democrat Henry W. Edwards
0%
1925 Republican Hiram Bingham III
0%
1881 - 1883 Republican Hobart B. Bigelow
0%
1846 - 1847 Democrat Isaac Toucey
0%
1949 - 1950 Republican James C. Shannon
0%
1951 - 1955 Republican John Davis Lodge
0%
1866 - 1867 Republican Joseph Roswell Hawley
0%
1897 - 1899 Republican Lorrin A. Cooke
0%
1869 - 1870 Republican Marshall Jewell
0%
1871 - 1873 Republican Marshall Jewell
0%
1877 - 1879 Democrat Richard D. Hubbard
0%
1941 - 1943 Democrat Robert A. Hurley
0%
No matching quizzes found
Score Distribution
Percent of People with Each Score
Percentile by Number Answered
Your Score History
You have not taken this quiz